| 000 | 01190nam a2200253Ia 4500 | ||
|---|---|---|---|
| 003 | OSt | ||
| 005 | 20200826152856.0 | ||
| 008 | 191128s1996 ck ao gr 000 0 spa d | ||
| 020 | _a9586311147 | ||
| 040 |
_aCo-JMCR _cCo-JMCR |
||
| 041 | 0 | _aspa | |
| 082 | 0 | 4 |
_a370.15 / _bB142d _223 |
| 100 | 1 |
_aBáez, Dora Inés, _eautora _99294 |
|
| 245 | 1 | 0 |
_aDidáctica de la ciencia integrada / _cDora Ines Baez |
| 260 |
_aBogotá : _bUniversidad Santo Tomás - Usta, _c1996. |
||
| 300 |
_a429 páginas : _bfotográfias a blanco y negro ; _c22 cm. |
||
| 505 | 0 | _aEl niño y el mundo -- Causa y efecto de fenómenos naturales -- Formación de aptitudes fundamentales en el niño -- La ciencia integrada para el niño | |
| 520 | _aEl conocimiento del mundo que nos rodea desde el punto de vista del niño colombiano contituye el punto principal de análisis del presente texto. Para llegar a esta gran meta es necesario revisar de antemano los factores que inciden en la actividad infanti | ||
| 650 | 2 | 4 |
_aPsicología del Aprendizaje _99295 |
| 650 | 2 | 4 |
_aDesarrollo Infantil _zColombia _99296 |
| 650 | 2 | 4 |
_aPsicología Infantil _92491 |
| 650 | 2 | 4 |
_aEducación _xPreescolar _99297 |
| 942 |
_2ddc _cBK |
||
| 999 |
_c3620 _d3620 |
||